Guess the Transformers (will you pass?) - Statistics

General Stats
  • This quiz has been taken 9 times
  • The average score is 21 of 64
Answer Stats
Hint Answer % Correct
Autobot Bumblebee
100%
Autobot Optimus Prime
100%
Decepticon Megatron
88%
Autobot Ratchet
88%
Seeker Starscream
88%
Dinobot Grimlock
75%
Autobot Ironhide
75%
Autobot Jazz
75%
Decepticon Shockwave
75%
Decepticon Soundwave
75%
Combiner Devastator
63%
Constructicon Mixmaster
63%
Constructicon Long Haul
50%
Autobot Prowl
50%
Constructicon Scrapper
50%
Autobot Sideswipe
50%
Dinobot Slug/Slag
50%
Autobot Wheeljack
50%
Constructicon Hook
38%
Autobot Hound
38%
Autobot Jetfire
38%
Mercrenary Lockdown
38%
Dinobot Snarl
38%
Autobot Arcee
25%
Combaticon Brawl
25%
Stunticon Breakdown
25%
MInicon Buzzsaw
25%
Stunticon Dead End
25%
Autobot Drift
25%
Minicon Frenzy
25%
Terrorcon Galvatron
25%
Autobot Jolt
25%
Minicon Laserbeak
25%
Combaticon Onslaught
25%
Minicon Ratbat
25%
Minicon Ravage
25%
Minicon Rumble
25%
Terrorcon Scourge
25%
Constructicon Scrap Metal
25%
Combaticon Swindle
25%
Combaticon Blast-Off
13%
Autobot Brawn
13%
Combiner Bruticus
13%
Autobot Chromia
13%
Terrorcon Cyclonus
13%
Stunticon Drag Strip
13%
Autobot Elita-1
13%
Autobot Hot Rod
13%
Combiner Menasor
13%
Stunticon Motormaster
13%
Constructicon (Bayverse Overload
13%
Dinobot Scorn
13%
Decepticon Stinger
13%
Decepticon The Fallen
13%
Combaticon Vortex
13%
Wrecker Whirl
13%
Decepticon (only in 3) Bludgeon
0%
Autobot Bulkhead
0%
Constructicon (Bayverse) Demolishor
0%
Autobot Gears
0%
Autobot Huffer
0%
Mercrenary Nightbird
0%
Decepticon Sideways
0%
Stunticon Wildrider
0%
No matching quizzes found
Score Distribution
Percent of People with Each Score
Percentile by Number Answered
Your Score History
You have not taken this quiz